Entry Nombre personal
001 - NÚMERO DE CONTROL
- campo de control: 77496
003 - IDENTIFICADOR DE NÚMERO DE CONTROL
- campo de control: SpMaBN
005 - FECHA Y HORA DE LA ÚLTIMA TRANSACCIÓN
- campo de control: 20231222205011.0
008 - ELEMENTOS DE DATO DE LONGITUD-FIJA
- campo de control de longitud fija: 901120nn aijnnaabn a aaa
016 ## - NÚMERO DE CONTROL DE UNA AGENCIA BIBLIOGRÁFICA NACIONAL
- Número de control del registro: BNE19900121048
024 7# - IDENTIFICADOR DE OTROS ESTÁNDARES
- Número estándar o código: http://viaf.org/viaf/4943901/
- Fuente: viaf
024 8# - IDENTIFICADOR DE OTROS ESTÁNDARES
- Número estándar o código: https://data.cervantesvirtual.com/person/3399
024 7# - IDENTIFICADOR DE OTROS ESTÁNDARES
- Número estándar o código: https://isni.org/isni/0000000097222478
- Fuente: isni
024 7# - IDENTIFICADOR DE OTROS ESTÁNDARES
- Número estándar o código: http://www.wikidata.org/entity/Q268582
- Fuente: wikidata
040 ## - FUENTE DE CATALOGACIÓN
- Centro catalogador/agencia de origen: SpMaBN
- Lengua de catalogación: spa
- Centro/agencia transcriptor: SpMaBN
- Normas de descripción: rdc
- Convención/Normas de encabezamiento de materia/tesauro: embne
046 ## - FECHAS CON CODIFICACIÓN ESPECIAL
- Fecha de nacimiento: 1925
- Fecha de la muerte: 2000
100 1# - ENCABEZAMIENTO-NOMBRE DE PERSONA
- Nombre de persona: Martín Gaite, Carmen,
- Fechas asociadas al nombre: 1925-2000
370 ## - LUGAR ASOCIADO
- Lugar de nacimiento: Salamanca, España
- Fuente de información: (Wikidata)
- Número de control del registro de autoridad o número normalizado: XX451436
372 ## - CAMPO DE ACTIVIDAD
- Campo de actividad: Novela
- Fuente de información: Wikidata
373 ## - GRUPO ASOCIADO
- Grupo asociado: Generación del 50
- Fuente de información: Wikidata
373 ## - GRUPO ASOCIADO
- Grupo asociado: Ateneo de Madrid
- Fuente de información: Web del Ateneo; Olmos, Víctor. Ágora de la libertad: historia del Ateneo de Madrid, 2018-2019
- Fin de período: 2000
374 ## - OCUPACIÓN
- Ocupación: Poetas
- Ocupación: Ensayistas
- Ocupación: Traductores
- Ocupación: Guionistas
- Ocupación: Periodistas
- Ocupación: Escritores
- Fuente de información: Wikidata
375 ## - GÉNERO/SEXO
- Género: Femenino
377 ## - IDIOMA ASOCIADO
- Término de lengua/lenguaje: Español
400 1# - TRAZADO DE VÉASE--NOMBRE DE PERSONA
- Nombre de persona: Martín, Carmen,
- Fechas asociadas al nombre: 1925-2000
670 ## - FUENTE DE DATOS ENCONTRADOS
- Cita de la fuente: Caperucita en Manhattan, 1991
- Información encontrada: port. (Carmen Martín Gaite)
670 ## - FUENTE DE DATOS ENCONTRADOS
- Cita de la fuente: Las ataduras, 1978
- Información encontrada: port. (autor, Carmen Martín)
670 ## - FUENTE DE DATOS ENCONTRADOS
- Cita de la fuente: Dic. de literatura española e hispanoamericana, 1993
- Información encontrada: (Martín Gaite, Carmen (Salamanca, 1925); autora de novelas, poemas y narraciones infantiles)
670 ## - FUENTE DE DATOS ENCONTRADOS
- Cita de la fuente: ABC, 24-7-2000
- Información encontrada: (m. en Madrid el 23 de julio de 2000)
670 ## - FUENTE DE DATOS ENCONTRADOS
- Cita de la fuente: Mujeres novelistas y novelas de mujeres en la posguerra española, 2004
- Información encontrada: p. 210 (Martín Gaite, Carmen; en 1950 se casa con Rafael Sánchez Ferlosio)
670 ## - FUENTE DE DATOS ENCONTRADOS
- Cita de la fuente: WWW BN España aut., 28/08/2023
- Información encontrada: (Martín Gaite, Carmen, 1925-2000)
678 ## - DATOS BIOGRÁFICOS O HISTÓRICOS
- Datos biográficos o históricos: Socia del Ateneo de Madrid n. 8580; socia de mérito n. 9 (1987). Representación de socios en 1974-75
- Ampliación de la nota: Fuentes: Web del Ateneo; Olmos, Víctor. Ágora de la libertad: historia del Ateneo de Madrid, 2018-2019
856 4# - LOCALIZACIÓN Y ACCESO ELECTRÓNICOS
- Identificador Uniforme de Recursos: http://escritores.bne.es/web/authors/carmen-martin-gaite-1925- 2000/
- Texto de enlace: Escritores en la BNE
